000 01161cad a22002175a 4500
001 L149735
008 100416e20100408xxk f lf000 0 eng d
035 _a(Sirsi) u149735
041 0 _aeng
110 2 _aUnited Kingdom
_kLaws, etc
_95044
245 0 0 _aFlood and Water Management Act 2010
_h[electronic resource]
260 _aLondon
_bOPSI
_c2010
505 2 _aFlood and Coastal Erosion Risk Management -- Miscellaneous -- Regulation of Provision of Infrastructure ? Schedules
520 _aAct implements several key recommendations of Sir Michael Pitt's Review of the summer 2007 floods. The provisions include new statutory responsibilities for managing flood risks, protection of assets which help manage flood risk and powers to carry out environmental works. For further information: http://www.defra.gov.uk/environment/flooding/policy/fwmb/index.htm
521 _aAdvanced
590 _aKA NTK
651 4 _aUnited Kingdom
_y
690 _aENVIRONMENTAL AND LAND CONSULTANCY-WATER RESOURCE MANAGEMENT-FLOODING
856 4 0 _uhttps://www.opsi.gov.uk/acts/acts2010/ukpga_20100029_en_1
_zView the Act free of charge at www.opsi.gov.uk
942 _n0
999 _c110611
_d110611